LIBRARY & INFORMATION CENTRE, KCAET, TAVANUR

ONLINE PUBLIC ACCESS CATALOGUE (OPAC)

Soil organic matter dynamicsand sustainability of tropical agriculture / (Record no. 3332)

MARC details
000 -LEADER
fixed length control field 00512cam a2200193ua 4500
020 ## - INTERNATIONAL STANDARD BOOK NUMBER
ISBN 0471939153
041 ## - LANGUAGE CODE
Language code of text/sound track or separate title eng
082 ## - DEWEY DECIMAL CLASSIFICATION NUMBER
Classification number 631.417
Item number MUL/SO
100 ## - MAIN ENTRY--AUTHOR NAME
Personal name Mulongoy, K .
245 ## - TITLE STATEMENT
Title Soil organic matter dynamicsand sustainability of tropical agriculture /
250 ## - EDITION STATEMENT
Edition statement 1 /
260 ## - PUBLICATION, DISTRIBUTION, ETC. (IMPRINT)
Place of publication London :
Name of publisher John Wiley & Sons.
300 ## - PHYSICAL DESCRIPTION
Number of Pages 392 ; .
700 1# - ADDED ENTRY--PERSONAL NAME
Personal name Mercks, R .
942 ## - ADDED ENTRY ELEMENTS (KOHA)
Koha item type Books
Holdings
Withdrawn status Lost status Damaged status Home library Current library Date acquired Full call number Accession Number Koha item type
      KAUAET KAUAET 07/04/2012 631.417 18444 Books
free website counter